000 00931nam a2200301 i 4500
003 EG-GICUC
005 20260212195729.0
008 260212s1985 fr ||||fr|||| 000 0 fre d
040 _aEG-GiCUC
_bfre
_cEG-GiCUC
_dEG-GiCUC
_eRda
082 0 4 _221
_a341
_bFE . D
092 0 4 _221
099 _aLaw1 11 341 FE . D 1985
100 1 _aFeuer,Guy
_eAuteur
245 1 0 _aDroit Internationa Du Développement /
_b
_cGuy Feuer, Hervé Cassan.
_n
264 1 _aParis :
_bDalloz,
_c1985.
300 _a639page :
_billustration ;
_c 24 cm.
336 _2rda contenu
_a texte
337 _2rda medias
_aOrdinateur
338 _2 transporteur rda
_a Ressource en ligne
504 _a
546 _aTexte en français
650 1 4 _aDroit international public
_2
651 1 _2
700 1 _aCassan, Hervé
_eCo-Auteur
856 4 0 _uhttps://fll.law.cu.edu.eg/fulltext/bks/B11-07274.pdf
905 _a50
942 _2ddc
_cBK
_e21
_n0
999 _c62976
_d62976